[Event "Belgrade-chT"]
[Site "Belgrade"]
[Date "2017.05.11"]
[Round "2.1"]
[White "Kainovic, Branislav"]
[Black "Milosevic, Milos"]
[Result "0-1"]
[WhiteElo "1901"]
[BlackElo "2245"]
[PlyCount "116"]
[EventDate "2017.05.10"]
[EventType "team-swiss"]
[EventRounds "5"]
[EventCountry "SRB"]
[SourceTitle "CBM 178 Extra"]
[Source "ChessBase"]
[SourceDate "2017.06.22"]
[SourceVersion "1"]
[SourceVersionDate "2017.06.22"]
[SourceQuality "1"]
[WhiteTeam "Usce"]
[BlackTeam "Vreoci Turbina"]
[WhiteTeamCountry "SRB"]
[BlackTeamCountry "SRB"]

1. e4 c5 2. Nf3 d6 3. d4 cxd4 4. Nxd4 Nf6 5. Nc3 a6 6. Bg5 Nbd7 7. Bc4 Qa5 8. Qd2 e6 9. Nb3 Qc7 10. Be2 b5 11. a3 Bb7 12. f3 Be7 13. 0-0 0-0 14. Rad1 Rac8 15. Bf4 Ne5 16. Bd3 Rfd8 17. Qf2 Rd7 18. Be3 Bd8 19. h3 Nc4 20. Bxc4 Qxc4 21. Bb6 Bxb6 22. Qxb6 Qc7 23. Qxc7 Rcxc7 24. Rd2 Kf8 25. Rfd1 Ke7 26. Kf2 Rc8 27. Nd4 Rdc7 28. Nce2 d5 29. exd5 Nxd5 30. c3 Nb6 31. Ng3 Bd5 32. Re1 Kf8 33. Rde2 g6 34. Ne4 Kg7 35. Nd2 Nd7 36. Re3 Nc5 37. f4 Bc4 38. Kg3 Nd7 39. Nxc4 bxc4 40. Rc1 Nc5 41. Rb1 Rb7 42. Re2 Rb6 43. Kf3 Na4 44. Rc2 Rcb8 45. Ke3 Nxb2 46. Rd2 Na4 47. Rxb6 Rxb6 48. Ne2 Rb3 49. Rd6 Nxc3 50. Rxa6 Nb5+ 51. Kd2 Nxa3 52. Rc6 Rd3+ 53. Kc1 Re3 54. Kd2 Re4 55. g3 Nb5 56. Rc5 Nd4 57. Rxc4 Rxe2+ 58. Kd3 Rg2 0-1

[Event "Belgrade-chT"]
[Site "Belgrade"]
[Date "2017.05.10"]
[Round "1.3"]
[White "Kuzmanovic, Aleksa"]
[Black "Kainovic, Branislav"]
[Result "1/2-1/2"]
[WhiteElo "2021"]
[BlackElo "1901"]
[PlyCount "106"]
[EventDate "2017.05.10"]
[EventType "team-swiss"]
[EventRounds "5"]
[EventCountry "SRB"]
[SourceTitle "CBM 178 Extra"]
[Source "ChessBase"]
[SourceDate "2017.06.22"]
[SourceVersion "1"]
[SourceVersionDate "2017.06.22"]
[SourceQuality "1"]
[WhiteTeam "Tadic"]
[BlackTeam "Usce"]
[WhiteTeamCountry "SRB"]
[BlackTeamCountry "SRB"]

1. d4 d5 2. c4 e6 3. Nc3 Nf6 4. Nf3 c6 5. e3 Nbd7 6. b3 Bb4 7. Bd2 0-0 8. Bd3 Re8 9. a3 Bd6 10. cxd5 exd5 11. 0-0 Ne4 12. b4 Ndf6 13. Na4 Bg4 14. Be2 Qe7 15. h3 Bh5 16. Nc5 Rac8 17. Nd3 Nd7 18. Re1 g5 19. Nh2 Bg6 20. Ra2 Bb8 21. Bh5 Qd6 22. Nf1 f6 23. Bxg6 hxg6 24. Nc5 Ndxc5 25. bxc5 Qc7 26. Qc2 Kg7 27. Rb1 b5 28. a4 a6 29. axb5 axb5 30. Be1 f5 31. Rba1 Rh8 32. f3 Nf6 33. Bg3 f4 34. exf4 gxf4 35. Bf2 Qd7 36. Ra8 Rh5 37. Be1 Qe6 38. Bf2 Rhh8 39. Re1 Qd7 40. Re2 Qb7 41. Ra2 Rce8 42. Qd3 Qd7 43. Rxe8 Rxe8 44. Re2 Re6 45. Rxe6 Qxe6 46. Nd2 Bc7 47. Nb3 Ng8 48. Bh4 Nh6 49. Bf2 Nf5 50. Na1 Bd8 51. Nc2 Bh4 52. Bxh4 Nxh4 53. Kf2 Nf5 1/2-1/2